|
|
|
|
| LEADER |
00000ny a22000003n 4500 |
| 005 |
2011052704154.0 |
| 008 |
990630s1998 sp s 000 0 spa c |
| 017 |
|
|
|a B43749-1998
|
| 020 |
|
|
|a 8476985088
|
| 035 |
|
|
|a 1162
|
| 040 |
|
|
|a UMA.RE
|d vLex
|
| 040 |
|
|
|a UMA.RLB
|d vLex
|
| 080 |
|
|
|a 347.93
|
| 090 |
|
|
|c 309
|d 309
|
| 100 |
1 |
|
|a Pic ̤i Junoy, Joan
|
| 245 |
1 |
3 |
|a La imparcialidad judicial y sus garanta̕s
|h [Recurso electrn̤ico]
|b la abstencin̤ y recusacin̤ /
|c Joan Pic ̤i Junoy ; prl̤ogo de Mara̕ Victoria Berzosa Francos
|
| 256 |
|
|
|a Servicio en ln̕ea
|
| 260 |
|
|
|a Barcelona :
|b Jos ̌Mara̕ Bosch,
|c 1998
|
| 300 |
|
|
|a 262 p. ;
|c 25 cm
|
| 506 |
1 |
|
|a Contenido solo disponible en los productos indicados
|d vLex Global
|d vLex Global (Academic Edition, excluding Law Schools)
|d vLex Global (U.S. Academic Edition, Law Schools)
|d vLex Global (U.S. Academic Edition, excluding Law Schools)
|d vLex Global (Academic Edition, Law Schools)
|
| 650 |
0 |
7 |
|a Recusacin̤
|2 Tesauro vLex
|
| 650 |
0 |
7 |
|a Procesal
|2 Tesauro vLex
|
| 650 |
0 |
7 |
|a Indimpln̊cia
|2 Tesauro vLex
|
| 650 |
0 |
7 |
|a Principio de imparcialidad
|2 Tesauro vLex
|
| 650 |
0 |
7 |
|a Recusacin̤ judicial
|2 Tesauro vLex
|
| 650 |
0 |
7 |
|a Abstencin̤ judicial
|2 Tesauro vLex
|
| 700 |
1 |
|
|a Berzosa Francos, Mara̕ Victoria,
|e pr
|
| 740 |
0 |
|
|a vLex Libros (Servicios en ln̕ea)
|
| 856 |
4 |
0 |
|u http://vlex.com/source/1162
|z Acceso restringido
|
| 942 |
|
|
|c BOOK
|
| 999 |
0 |
|
|a Procedure (Law)
|b Barcelona
|